| Поле | Инд. | ПП | Название | Значение |
|---|---|---|---|---|
| Тип записи | a | |||
| Библиографический уровень | m | |||
| 001 | Контрольный номер | 6fb21af4e1214cb6951bd74a72572a3f | ||
| 005 | Дата корректировки | 20250902143744.1 | ||
| 020 | c | Цена, тираж | 100-00 | |
| 040 | b | Код языка каталог. | rus | |
| e | Правила каталог. | PSBO | ||
| 041 | 0_ | a | Код языка текста | rus |
| 084 | a | Индекс другой классификации/Индекс ББК | 26.89(2Рос-4Крн) | |
| 090 | a | Полочн. индекс | К 26.89(2Рос-4Крн) | |
| c | Каталожный индекс | К 26.89(2Рос-4Крн) | ||
| x | Авторский знак | П 77 | ||
| 097 | b | Оператор | Максимова | |
| 245 | 10 | a | Заглавие | Притяжение Таймыра |
| h | Физич. носитель | Электронный ресурс | ||
| k | Форма, вид, жанр | электрон. видеозапись | ||
| b | Продолж. заглавия | [документальный фильм, посвященный 90-летию Таймыра] | ||
| c | Ответственность | режиссер А. Гришаков | ||
| 260 | a | Место издания | Красноярск | |
| c | Дата издания | [2020] | ||
| b | Издательство | Студия Андрея Гришакова | ||
| 300 | a | Объем | 1 электрон. опт. диск (DVD) (63 мин.) | |
| 653 | 0_ | a | Ключевые слова | Таймыр; коренные малочисленные народы Таймыра |
| 900 | a | Имя макрообъекта | 1561594 | |
| 901 | t | Тип документа | 0 |